000 00968cam a2200325 4500
001 861251
005 20150818111403.0
008 701021s1970 ne b 001 0 engm
010 _a 75512603
015 _aNe70-29
035 _a(OCoLC)ocm00103271
035 _a(NNC)861251
040 _aDLC
_cDLC
_dm.c.
_dSER
_dZCU
050 0 _aB187.F3
_bB6 1970
082 _a149/.8
100 1 _aBoeft, J. den.
_918602
245 1 0 _aCalcidius on fate;
_bhis doctrine and sources.
_cBy J. den Boeft.
260 _aLeiden,
_bBrill,
_c1970.
300 _a152 p.
_c25 cm.
490 1 _aPhilosophia antiqua ;
_vv. 18
500 _aIssued also as thesis, Leiden.
504 _aIncludes bibliographical references.
600 0 0 _aCalcidius.
_918603
650 0 _aFate and fatalism.
_918604
650 0 _aPhilosophy, Ancient.
_918605
830 0 _aPhilosophia antiqua ;
_vv. 18.
_918606
942 _2lcc
_cMONOGRAPH
948 2 _a20061219
_be
_crch2
_dMPS
999 _c123060
_d123060